000
00309nam a2200109Ia 4500
008
220204s9999 xx 000 0 und d
082
_a
331:627.2(540)
_b
REP;2
245
0
_a
Report of the study group for ports and docks
260
_a
Delhi
_b
Natl Commn on Labour
_c
1968
650
_a
Ports and docks
942
_c
BK
999
_c
22059
_d
22059